LEADER 00813nam0 2200241 450 001 000028411 005 20111004155724.0 010 $a0-471-21419-1 100 $a20111004d2003----km-y0itay50------ba 101 0 $aeng 102 $aUS 200 1 $aMobile and wireless design essentials$fMartyn Mallick 210 $aIndianapolis$cWiley publishing$dc2003 215 $aXXVI, 454 p.$d24 cm. 500 10$aMobile and wireless design essentials$942060 610 1 $aReti di elaboratori 676 $a621.3845$v21$9Ingegneria delle comunicazioni. Radio e radar. Radiotelefonia 700 1$aMallick,$bMartyn$0634087 801 0$aIT$bUNIPARTHENOPE$c20111004$gRICA$2UNIMARC 912 $a000028411 951 $aP1 621-M/46$b43248$cPIST$d2011 996 $aMobile and wireless design essentials$942060 997 $aUNIPARTHENOPE LEADER 01613nam0 22003371i 450 001 SUN0007214 005 20130913102905.33 010 $a88-13-20234-2 020 $aIT$b98 433 100 $a20020823d1997 |0itac50 ba 101 $aita 102 $aIT 105 $a|||| ||||| 200 1 $aˆLa ‰riforma delle pensioni e la previdenza complementare$fRoberto Pessi 210 $aPadova$cCedam$d1997 215 $a 157 p.$d24 cm. 606 $aPensioni$xRiforma$2FI$3SUNC004267 620 $dPadova$3SUNL000007 676 $a344.45012522$v21 700 1$aPessi$b, Roberto$3SUNV006024$0229819 712 $aCEDAM$3SUNV005537$4650 801 $aIT$bSOL$c20181109$gRICA 912 $aSUN0007214 950 $aUFFICIO DI BIBLIOTECA DEL DIPARTIMENTO DI ECONOMIA$d03 PREST IVDe23 $e03 31053 950 $aUFFICIO DI BIBLIOTECA DEL DIPARTIMENTO DI GIURISPRUDENZA$d00 CONS IX.Eb.1 bis $e00 16606 950 $aUFFICIO DI BIBLIOTECA DEL DIPARTIMENTO DI GIURISPRUDENZA$d00 CONS IX.Eb.1 $e00 20623 995 $aUFFICIO DI BIBLIOTECA DEL DIPARTIMENTO DI ECONOMIA$bIT-CE0106$h31053$kPREST IVDe23$op$qa 995 $aUFFICIO DI BIBLIOTECA DEL DIPARTIMENTO DI GIURISPRUDENZA$h16606$kCONS IX.Eb.1 bis$op$qa 995 $aUFFICIO DI BIBLIOTECA DEL DIPARTIMENTO DI GIURISPRUDENZA$h20623$kCONS IX.Eb.1$op$qa 996 $aRiforma delle pensioni e la previdenza complementare$9686367 997 $aUNICAMPANIA